Language Quiz

Random Language Quiz

10 difficult Scrabble Bingos with C at the beginning Quiz Stats

 Plays Quiz not verified by Sporcle

Score 0/10 Timer 05:00
0 Plays Today
Hint Answer % Correct
nacevemcavemen
66.7%
calvarycavalry
66.7%
sgcwaincawings
60%
cravenscaverns
60%
valaclacavalla
53.3%
lyclavacavally
46.7%
vacatescaveats
33.3%
vacelidcaviled
33.3%
itvteaccavetti
20%
avaricecaviare
20%

You're not logged in!

Compare scores with friends on all Sporcle quizzes.
OR
Log In

Show Comments

Extras

Created Mar 11, 2014SourceReportNominate
Tags:bingo, difficult, scrabble

Top Quizzes Today


Score Distribution

Your Account Isn't Verified!

In order to create a playlist on Sporcle, you need to verify the email address you used during registration. Go to your Sporcle Settings to finish the process.

Report this User

Report this user for behavior that violates our Community Guidelines.

Details: